[Event "V Festival Scacchi Verdi"]
[Site "Bresso ITA"]
[Date "2006.06.17"]
[Round "4"]
[White "Cimo', Alessandro"]
[Black "Tosetto, Flavio"]
[Result "1-0"]
[WhiteElo "1506"]
[BlackElo "1748"]
[PlyCount "113"]
[EventDate "2006.06.15"]

1. d4 Nf6 2. c4 g6 3. Nf3 Bg7 4. Nc3 d6 5. e3 O-O 6. Bd3 Nbd7 7. O-O e5 8. Re1
exd4 9. exd4 b6 10. Bg5 Bb7 11. d5 Re8 12. Qd2 Ne5 13. Nxe5 dxe5 14. Re2 Qc8
15. Rae1 Nd7 16. Nb5 a6 17. Nc3 f6 18. Bh4 Nc5 19. Bb1 Qg4 20. b4 Qxh4 21. bxc5
bxc5 22. Ne4 Bf8 23. g3 Bh6 24. Qb2 Qxe4 25. Bxe4 Rab8 26. Qa3 Bf8 27. Qa5 f5
28. Bg2 Bd6 29. Rb1 Ba8 30. Rbb2 Rb4 31. a3 Rxb2 32. Rxb2 Kg7 33. Qxa6 Kf6 34.
Qa7 e4 35. Rb8 Re7 36. Qxa8 h5 37. Rf8+ Ke5 38. Re8 Kd4 39. Rxe7 Bxe7 40. Qa4
Kc3 41. Qb5 Bd6 42. a4 g5 43. a5 f4 44. a6 e3 45. Bf3 g4 46. Be2 f3 47. Kf1
exf2 48. Kxf2 h4 49. Bxf3 gxf3 50. gxh4 Bxh2 51. Kxf3 Kd4 52. a7 Bd6 53. a8=Q
Be7 54. Qh8+ Kd3 55. Qb3+ Kd2 56. Qhb2+ Ke1 57. Qe2# 1-0

[Event "V Festival Scacchi Verdi"]
[Site "Bresso ITA"]
[Date "2006.06.17"]
[Round "4"]
[White "Concavo, Daniele"]
[Black "Bozzali, Ermanno"]
[Result "0-1"]
[WhiteElo "1662"]
[BlackElo "2089"]
[PlyCount "110"]
[EventDate "2006.06.15"]

1. e4 c5 2. Nf3 e6 3. d4 cxd4 4. Nxd4 a6 5. Bd3 Nc6 6. Nxc6 dxc6 7. O-O Qc7 8.
f4 Bc5+ 9. Kh1 h5 10. Qe2 Nf6 11. Be3 Qb6 12. Bxc5 Qxc5 13. e5 Ng4 14. Rf3 Qb6
15. Nd2 Qxb2 16. Raf1 b5 17. Ne4 Bd7 18. Nd6+ Ke7 19. c3 Qxe2 20. Bxe2 f5 21.
Rd3 c5 22. h3 c4 23. Rg3 h4 24. Rgf3 Nh6 25. Rd1 Bc6 26. Rff1 Rad8 27. Rd4 Nf7
28. Rfd1 Nxd6 29. exd6+ Kf6 30. Bf3 Bxf3 31. gxf3 Rd7 32. Kg1 Rc8 33. Kf2 Rc5
34. a3 g6 35. R1d2 Kf7 36. Rd1 Rc6 37. R1d2 Ke8 38. Ke1 Kd8 39. Kd1 Kc8 40. Kc1
Kb7 41. Kb1 Kb6 42. Rg2 Rcxd6 43. Rxd6+ Rxd6 44. Rxg6 Rd3 45. Rxe6+ Ka5 46. Kc2
Rxf3 47. Rf6 Rf2+ 48. Kb1 Rxf4 49. Rh6 Rf3 50. Kb2 Rxh3 51. Re6 Rf3 52. Rh6 h3
53. Kc2 Rf2+ 54. Kd1 h2 55. Ke1 Ra2 0-1

[Event "V Festival Scacchi Verdi"]
[Site "Bresso ITA"]
[Date "2006.06.17"]
[Round "4"]
[White "Laketic, Gojko"]
[Black "Piazza, Angelo"]
[Result "1-0"]
[WhiteElo "2446"]
[BlackElo "2008"]
[PlyCount "89"]
[EventDate "2006.06.15"]

1. d4 Nf6 2. c4 c5 3. d5 b5 4. Nf3 d6 5. cxb5 a6 6. b6 Qxb6 7. Nc3 g6 8. e4
Nbd7 9. a4 Bg7 10. a5 Qc7 11. Be2 Ng4 12. Nd2 Nh6 13. Nc4 O-O 14. h4 f6 15. h5
g5 16. g4 Rb8 17. f3 Nf7 18. Na4 h6 19. Bd2 Nfe5 20. Ne3 Qb7 21. O-O Qb3 22.
Bc3 Qxd1 23. Raxd1 Rb3 24. Kf2 Re8 25. Rd2 Kf7 26. Nc4 Nxc4 27. Bxc4 Rb8 28.
Rc1 Rd8 29. Rdd1 Bf8 30. Rb1 Ne5 31. Bxe5 fxe5 32. Nb6 Kf6 33. b4 cxb4 34. Rxb4
e6 35. Rb3 Ke7 36. Rc3 exd5 37. Bxd5 Be6 38. Rc7+ Kf6 39. Rdc1 Re8 40. Ra7 Re7
41. Rxa6 Rh7 42. Kg3 Rd8 43. Rc6 Rf7 44. Nc4 Bxd5 45. exd5 1-0

[Event "V Festival Scacchi Verdi"]
[Site "Bresso ITA"]
[Date "2006.06.17"]
[Round "4"]
[White "Madaschi, Sergio"]
[Black "Gandolfi, Gianfranco"]
[Result "0-1"]
[WhiteElo "1502"]
[BlackElo "1875"]
[PlyCount "41"]
[EventDate "2006.06.15"]

1. e4 e5 2. Nf3 Nc6 3. Bb5 a6 4. Ba4 Nf6 5. O-O Be7 6. Re1 b5 7. Bb3 O-O 8. c3
d5 9. exd5 Nxd5 10. Nxe5 Nxe5 11. Rxe5 c6 12. d4 Bd6 13. Re2 Qh4 14. g3 Qh3 15.
Qf1 Qh5 16. Bd1 Bg4 17. Re1 Bxd1 18. Rxd1 f5 19. f4 Rae8 20. Nd2 Ne3 21. Qe2
0-1

[Event "V Festival Scacchi Verdi"]
[Site "Bresso ITA"]
[Date "2006.06.17"]
[Round "4"]
[White "Mastroddi, Emiliano"]
[Black "Cazzaniga, Walter"]
[Result "1/2-1/2"]
[WhiteElo "2075"]
[BlackElo "2134"]
[PlyCount "70"]
[EventDate "2006.06.15"]

1. d4 Nf6 2. c4 g6 3. Nc3 Bg7 4. e4 d6 5. Nf3 O-O 6. Be2 e5 7. dxe5 dxe5 8.
Qxd8 Rxd8 9. Bg5 c6 10. Nxe5 Re8 11. Rd1 Na6 12. f4 h6 13. Bh4 g5 14. fxg5 hxg5
15. Bg3 Nxe4 16. Nxe4 Bxe5 17. O-O Bxb2 18. Bd3 Bg4 19. Rb1 Bd4+ 20. Kh1 b6 21.
Nxg5 Bh5 22. Ne4 Rad8 23. Bh4 Rd7 24. Bf6 Bg6 25. Bxd4 Bxe4 26. Bxe4 Rxe4 27.
Bf6 Nc5 28. Rf3 Rd3 29. Rf5 Kf8 30. h4 Re6 31. Be5 Ne4 32. Kh2 Rh6 33. h5 f6
34. Bf4 Rh7 35. h6 Kf7 1/2-1/2

[Event "V Festival Scacchi Verdi"]
[Site "Bresso ITA"]
[Date "2006.06.17"]
[Round "4"]
[White "Perissinotto, Claudio"]
[Black "Merlini, Luigi"]
[Result "1-0"]
[WhiteElo "2119"]
[BlackElo "1432"]
[PlyCount "57"]
[EventDate "2006.06.15"]

1. e4 e5 2. Nf3 Nc6 3. Bb5 a6 4. Ba4 Nf6 5. O-O Be7 6. Re1 b5 7. Bb3 O-O 8. c3
d5 9. exd5 Nxd5 10. Nxe5 Nxe5 11. Rxe5 Nf6 12. d4 Bd6 13. Re1 Ng4 14. g3 Nxh2
15. Kxh2 Qh4+ 16. Kg1 Bxg3 17. Qf3 Qh2+ 18. Kf1 Bh3+ 19. Ke2 Bg4 20. Qxg4 Qxf2+
21. Kd3 Qxe1 22. Bh6 Qf1+ 23. Kc2 Qf6 24. Be3 Bh4 25. Nd2 Qe7 26. Bh6 Qf6 27.
Bf4 Qe7 28. Rh1 Bf6 29. Qh5 1-0

[Event "V Festival Scacchi Verdi"]
[Site "Bresso ITA"]
[Date "2006.06.17"]
[Round "4"]
[White "Pezzotta, Gianni"]
[Black "Taglione, Giuseppe"]
[Result "1-0"]
[WhiteElo "1468"]
[BlackElo "1442"]
[PlyCount "69"]
[EventDate "2006.06.15"]

1. Nf3 d5 2. d4 Nf6 3. e3 Bg4 4. h3 Bxf3 5. Qxf3 e6 6. Bd3 Bd6 7. c3 c5 8. Nd2
c4 9. Bc2 b5 10. e4 Be7 11. exd5 exd5 12. O-O O-O 13. Re1 Nc6 14. b3 Rb8 15.
bxc4 bxc4 16. Nxc4 Qc7 17. Ne3 Rfd8 18. Ng4 Nxg4 19. Qxg4 g6 20. g3 Bd6 21. h4
h5 22. Qf3 Bf8 23. Bg5 Be7 24. Bd2 Qd7 25. Kg2 Ba3 26. Bg5 Re8 27. Bb3 Rxe1 28.
Rxe1 Rb5 29. Qe3 Rb8 30. Bf6 Kh7 31. Qg5 Re8 32. Rxe8 Qxe8 33. Bc2 Be7 34.
Qxh5+ Kg8 35. Qh8# 1-0

[Event "V Festival Scacchi Verdi"]
[Site "Bresso ITA"]
[Date "2006.06.17"]
[Round "4"]
[White "Ronconi, Fausto"]
[Black "Garlera, Marco"]
[Result "1-0"]
[WhiteElo "1703"]
[BlackElo "1499"]
[PlyCount "77"]
[EventDate "2006.06.15"]

1. d4 d5 2. c4 Nf6 3. Nc3 e6 4. Bg5 Bb4 5. e3 O-O 6. Bd3 Nbd7 7. Nf3 c5 8. O-O
Bxc3 9. bxc3 Qc7 10. cxd5 exd5 11. Bf4 Qa5 12. Qc2 c4 13. Bf5 Nb6 14. Bd6 Bxf5
15. Qxf5 Rfe8 16. Bb4 Qb5 17. Rfb1 Qd7 18. Qxd7 Nfxd7 19. a4 a5 20. Bc5 Re6 21.
Bxb6 Nxb6 22. Rb5 f6 23. Nd2 Ra7 24. e4 dxe4 25. Nxe4 Kf7 26. f3 h6 27. d5 Nxd5
28. Rxd5 Kg6 29. Kf2 Rb6 30. h4 Raa6 31. h5+ Kh7 32. Nc5 Rb2+ 33. Kg3 Rab6 34.
Nd7 R6b3 35. Nf8+ Kg8 36. Ng6 Rxc3 37. Re1 f5 38. Rd8+ Kf7 39. Rf8# 1-0

[Event "V Festival Scacchi Verdi"]
[Site "Bresso ITA"]
[Date "2006.06.17"]
[Round "4"]
[White "Scotti, Mirko"]
[Black "Faccio, Fabio"]
[Result "1-0"]
[WhiteElo "1876"]
[BlackElo "1948"]
[PlyCount "118"]
[EventDate "2006.06.15"]

1. d4 Nf6 2. Bg5 c5 3. c3 Qa5 4. Bxf6 gxf6 5. e3 Bg7 6. Nf3 Nc6 7. Bd3 d6 8.
Qc2 cxd4 9. exd4 Bg4 10. Nbd2 f5 11. Nc4 Qc7 12. Ncd2 e6 13. O-O-O a6 14. h3
Bh5 15. g4 fxg4 16. hxg4 Bg6 17. Bxg6 hxg6 18. Rxh8+ Bxh8 19. Rh1 Bg7 20. Rh7
Kf8 21. Ng5 Qe7 22. f4 f6 23. Ngf3 Kf7 24. Nc4 d5 25. Ne3 Rh8 26. Rxh8 Bxh8 27.
Nh4 f5 28. Nf3 Bf6 29. Qh2 fxg4 30. Nxg4 Ke8 31. Qh6 Qg7 32. Qxg7 Bxg7 33. Kd2
b5 34. Ke3 Kf7 35. Nfe5+ Nxe5 36. dxe5 Bf8 37. Kd4 Be7 38. Nf2 g5 39. fxg5 Bxg5
40. Nd3 Ke7 41. Nc5 Bc1 42. b4 Bd2 43. Nxa6 Kd7 44. Nc5+ Ke7 45. a4 bxa4 46.
Nxa4 Be1 47. b5 Bf2+ 48. Kd3 Kd7 49. c4 dxc4+ 50. Kxc4 Kc7 51. Nc5 Bg3 52.
Nxe6+ Kb6 53. Nf8 Kb7 54. e6 Bd6 55. Ng6 Kb6 56. e7 Bxe7 57. Nxe7 Kc7 58. Kc5
Kb7 59. b6 Kb8 1-0

[Event "V Festival Scacchi Verdi"]
[Site "Bresso ITA"]
[Date "2006.06.17"]
[Round "4"]
[White "Viale, Fabio"]
[Black "Bettini, Massimo"]
[Result "1/2-1/2"]
[WhiteElo "1613"]
[BlackElo "1915"]
[PlyCount "82"]
[EventDate "2006.06.15"]

1. d4 Nf6 2. c4 g6 3. Nc3 Bg7 4. e4 d6 5. Be2 O-O 6. Nf3 e5 7. O-O Nc6 8. d5
Ne7 9. Ne1 Ne8 10. f3 f5 11. Be3 f4 12. Bf2 g5 13. a4 Rf6 14. g4 fxg3 15. hxg3
Bh3 16. Ng2 Rh6 17. Be3 Ng6 18. Kf2 Nf4 19. Bxf4 gxf4 20. g4 Bxg2 21. Kxg2 Qh4
22. Rg1 Bf6 23. Kf1 Ng7 24. Bd3 Kh8 25. Qe2 Rg8 26. Qf2 Qg5 27. Ke2 Rh3 28. Rh1
Rg3 29. Rag1 Rxg1 30. Rxg1 Nh5 31. Kd1 Ng3 32. Ne2 Rg6 33. Nxg3 fxg3 34. Rxg3
Qf4 35. Rg2 Bg5 36. Kc2 Rh6 37. Qxa7 Qc1+ 38. Kb3 Qd1+ 39. Kc3 Qe1+ 40. Kb3
Qd1+ 41. Kc3 Qe1+ 1/2-1/2

[Event "V Festival Scacchi Verdi"]
[Site "Bresso ITA"]
[Date "2006.06.17"]
[Round "4"]
[White "Zucchi, Oreste"]
[Black "Kokosar, Oliviero"]
[Result "0-1"]
[WhiteElo "1550"]
[BlackElo "1478"]
[PlyCount "60"]
[EventDate "2006.06.15"]

1. d4 d5 2. Nf3 Nf6 3. e3 e6 4. Bd3 c5 5. c3 Nc6 6. Nbd2 cxd4 7. Nxd4 Bd6 8.
O-O a6 9. Re1 O-O 10. Nxc6 bxc6 11. e4 dxe4 12. Nxe4 Nxe4 13. Bxe4 Qc7 14. Qh5
g6 15. Qf3 Bb7 16. h4 f5 17. Bc2 c5 18. Qe3 e5 19. Qh6 Rae8 20. h5 Qc6 21. f3
c4 22. hxg6 Bc5+ 23. Be3 Bxe3+ 24. Rxe3 hxg6 25. Kf1 Rf7 26. Ree1 Rh7 27. Qe3
Rh1+ 28. Kf2 Rh2 29. Rh1 f4 30. Qe1 Qxf3+ 0-1

[Event "V Festival Scacchi Verdi"]
[Site "Bresso ITA"]
[Date "2006.06.18"]
[Round "5"]
[White "Bernago, Federico"]
[Black "Mannoni, Luigi"]
[Result "1-0"]
[WhiteElo "1990"]
[BlackElo "1649"]
[PlyCount "47"]
[EventDate "2006.06.15"]

1. e4 e5 2. Nf3 Nc6 3. Bb5 a6 4. Ba4 Nf6 5. d4 b5 6. dxe5 bxa4 7. exf6 Qxf6 8.
Nc3 Bb4 9. Bd2 O-O 10. O-O d6 11. Nd5 Qxb2 12. Rb1 Qxa2 13. Nxb4 Nxb4 14. Rxb4
c5 15. Qb1 Qe6 16. Rxa4 Bd7 17. Ra5 Qxe4 18. Re1 Qc6 19. c4 Be6 20. Qd3 Rfe8
21. Ng5 g6 22. Ne4 Bf5 23. Nf6+ Kf8 24. Bh6# 1-0

[Event "V Festival Scacchi Verdi"]
[Site "Bresso ITA"]
[Date "2006.06.18"]
[Round "5"]
[White "Bettini, Massimo"]
[Black "Perissinotto, Claudio"]
[Result "0-1"]
[WhiteElo "1915"]
[BlackElo "2119"]
[PlyCount "70"]
[EventDate "2006.06.15"]

1. e4 c5 2. Nf3 d6 3. d4 cxd4 4. Nxd4 Nf6 5. Nc3 g6 6. Be3 Bg7 7. Bc4 O-O 8. f3
Nc6 9. Qd2 Bd7 10. O-O-O Rc8 11. Bb3 Ne5 12. h4 h5 13. g4 hxg4 14. h5 Nxh5 15.
Bh6 Qa5 16. Bxg7 Kxg7 17. Rxh5 Nd3+ 18. Qxd3 Qxh5 19. fxg4 Bxg4 20. Rf1 Rc5 21.
Nd5 e5 22. Nf3 f5 23. Qe3 Qh3 24. Nd2 Rxd5 25. Qxh3 Bxh3 26. Bxd5 Bxf1 27. Nxf1
b6 28. Nd2 Kf6 29. Nf3 f4 30. Bc6 Rf7 31. Bd5 Rh7 32. Kd2 Rh3 33. Ke2 g5 34.
Be6 Rxf3 35. Kxf3 Kxe6 0-1

[Event "V Festival Scacchi Verdi"]
[Site "Bresso ITA"]
[Date "2006.06.18"]
[Round "5"]
[White "Bozzali, Ermanno"]
[Black "Barberi, Alessandro"]
[Result "1-0"]
[WhiteElo "2089"]
[BlackElo "2153"]
[PlyCount "63"]
[EventDate "2006.06.15"]

1. d4 g6 2. e4 Bg7 3. Nf3 d6 4. h3 Nd7 5. Nc3 e5 6. Bg5 f6 7. Be3 Nh6 8. Bc4
exd4 9. Qxd4 Ne5 10. Nxe5 fxe5 11. Qd2 Nf7 12. O-O-O Bd7 13. Qd5 O-O 14. Qxb7
Rb8 15. Qa6 Kh8 16. h4 Bh6 17. Bxh6 Nxh6 18. Qxa7 Ra8 19. Qb7 Rxf2 20. Rdf1
Rxg2 21. Nd5 Rb8 22. Qa7 Be6 23. Bb3 Ng4 24. Nxc7 Bxb3 25. axb3 Qc8 26. Rf7 Rb7
27. Rf8+ Qxf8 28. Qxb7 Ne3 29. Ne6 Rxc2+ 30. Kb1 Qg8 31. Qe7 Rc8 32. Qf6+ 1-0

[Event "V Festival Scacchi Verdi"]
[Site "Bresso ITA"]
[Date "2006.06.18"]
[Round "5"]
[White "Cazzaniga, Walter"]
[Black "Pelizzola, Danilo"]
[Result "1-0"]
[WhiteElo "2134"]
[BlackElo "2059"]
[PlyCount "31"]
[EventDate "2006.06.15"]

1. d4 Nf6 2. c4 e6 3. Nf3 d5 4. Nc3 Be7 5. Bg5 O-O 6. e3 c5 7. Be2 Nc6 8. O-O
b6 9. Rc1 Bb7 10. cxd5 exd5 11. dxc5 bxc5 12. Qa4 d4 13. Rfd1 Qb6 14. Bxf6 Bxf6
15. Nd5 Qxb2 16. Rc2 1-0

[Event "V Festival Scacchi Verdi"]
[Site "Bresso ITA"]
[Date "2006.06.18"]
[Round "5"]
[White "Cervini, Gian Piero"]
[Black "Agustoni, Alessandro"]
[Result "1-0"]
[WhiteElo "1831"]
[BlackElo "1512"]
[PlyCount "47"]
[EventDate "2006.06.15"]

1. e4 e6 2. d4 d5 3. Nc3 Bb4 4. a3 Bxc3+ 5. bxc3 c5 6. dxc5 Qc7 7. exd5 exd5 8.
Qxd5 Nf6 9. Qd6 Qxd6 10. cxd6 O-O 11. c4 Re8+ 12. Be2 Bg4 13. Be3 Nc6 14. O-O-O
Rad8 15. c5 Ne5 16. Rd4 Bf5 17. Bf3 Nxf3 18. Nxf3 Ne4 19. Nd2 Nc3 20. Kb2 Nb5
21. Rb4 Bd7 22. Nc4 Re4 23. Rd1 Rh4 24. Bg5 1-0

[Event "V Festival Scacchi Verdi"]
[Site "Bresso ITA"]
[Date "2006.06.18"]
[Round "5"]
[White "Faccio, Fabio"]
[Black "Madaschi, Sergio"]
[Result "1-0"]
[WhiteElo "1948"]
[BlackElo "1502"]
[PlyCount "108"]
[EventDate "2006.06.15"]

1. e4 c5 2. Nf3 d6 3. d4 cxd4 4. Nxd4 Nf6 5. Nc3 g6 6. Be2 Bg7 7. Be3 O-O 8.
Qd2 Re8 9. O-O-O a6 10. f3 Nc6 11. g4 Nxd4 12. Bxd4 Be6 13. h4 Qa5 14. Kb1 Rac8
15. a3 b5 16. h5 b4 17. axb4 Qxb4 18. hxg6 hxg6 19. e5 dxe5 20. Bxe5 Qa5 21.
Bd4 Red8 22. Qe3 Nd5 23. Nxd5 Bxd5 24. Bxg7 Qa2+ 25. Kc1 Qa1+ 26. Kd2 Be4+ 27.
Ke1 Rxd1+ 28. Bxd1 Bxc2 29. Qd4 Qxd1+ 30. Qxd1 Bxd1 31. Bc3 Rxc3 32. bxc3 Bxf3
33. Rg1 Bd5 34. Kd2 g5 35. Kd3 e5 36. c4 Bf3 37. c5 Kf8 38. Kc4 Ke7 39. Rg3 Bc6
40. Kb4 Ke6 41. Rd3 Bb5 42. Rd6+ Ke7 43. Ka5 e4 44. Kb6 Be2 45. Rd4 Bxg4 46.
Rxe4+ Be6 47. c6 f5 48. Rxe6+ Kxe6 49. c7 Ke5 50. c8=Q g4 51. Qc7+ Ke4 52. Qg3
Kd5 53. Qf4 Ke6 54. Kxa6 Kf7 1-0

[Event "V Festival Scacchi Verdi"]
[Site "Bresso ITA"]
[Date "2006.06.18"]
[Round "5"]
[White "Ferraris, Fulvio"]
[Black "Basilico, Davide"]
[Result "1-0"]
[WhiteElo "1751"]
[BlackElo "1482"]
[PlyCount "107"]
[EventDate "2006.06.15"]

1. d4 d5 2. c4 e6 3. a3 Nf6 4. Nc3 Nbd7 5. Bf4 Be7 6. e3 O-O 7. c5 b6 8. b4 c6
9. Nf3 a5 10. Bd3 Ba6 11. b5 cxb5 12. Bxb5 Bxb5 13. Nxb5 bxc5 14. a4 cxd4 15.
Nfxd4 Bb4+ 16. Ke2 Rc8 17. Bd6 Bxd6 18. Nxd6 Ne4 19. Nxe4 dxe4 20. Qb1 Nf6 21.
Rd1 Nd5 22. Nb5 Rb8 23. Kf1 Rxb5 24. axb5 Qb6 25. Rc1 Rb8 26. Rc6 Qd8 27. Qxe4
Rxb5 28. Rac1 Rb8 29. Qe5 Ne7 30. Rd6 Qe8 31. Qxa5 Nf5 32. Rd3 h6 33. Rcd1 Qb5
34. Qxb5 Rxb5 35. g3 g5 36. Rc1 g4 37. Kg2 Re5 38. Rc8+ Kg7 39. Rdc3 Rb5 40.
R8c4 h5 41. Rc5 Rb4 42. R3c4 Rb2 43. Rc2 Rb4 44. h3 gxh3+ 45. Kxh3 Kg6 46. R5c4
Rb1 47. Rf4 Rf1 48. Kg2 Re1 49. Rc8 Re2 50. Kf3 Re1 51. Rg8+ Kh6 52. e4 Kh7 53.
Rd8 Ng7 54. Rxf7 1-0

[Event "V Festival Scacchi Verdi"]
[Site "Bresso ITA"]
[Date "2006.06.18"]
[Round "5"]
[White "Fornari, Sergio"]
[Black "D'Aulisa, Francesco"]
[Result "0-1"]
[WhiteElo "1430"]
[BlackElo "1682"]
[PlyCount "102"]
[EventDate "2006.06.15"]

1. d4 e6 2. Nf3 h6 3. e3 a6 4. Bd3 d6 5. O-O Nd7 6. Re1 Ne7 7. e4 b6 8. Nc3 Bb7
9. a3 g5 10. d5 e5 11. Ne2 Ng6 12. Ng3 Bc8 13. b4 Be7 14. Nf5 Nf6 15. g3 Bd7
16. Nd2 Qc8 17. Nf1 Nxd5 18. Nxd6+ Bxd6 19. exd5 Bg4 20. Be2 Bxe2 21. Qxe2 Qh3
22. Ne3 f5 23. Qf1 Qxf1+ 24. Nxf1 f4 25. Bb2 O-O-O 26. c4 Rde8 27. Rac1 Rhf8
28. c5 fxg3 29. hxg3 bxc5 30. bxc5 Be7 31. d6 Bf6 32. Ne3 Bh8 33. Nd5 cxd6 34.
cxd6+ Kd7 35. Rcd1 Rb8 36. Ba1 Rf3 37. a4 Rbb3 38. Re3 Rfxe3 39. Nxe3 e4 40.
Bxh8 Nxh8 41. Nf5 Rb4 42. Rc1 Rxa4 43. Rc7+ Ke6 44. Ng7+ Kxd6 45. Rc8 Nf7 46.
Nf5+ Ke6 47. Ne3 h5 48. Rc5 Ne5 49. Rc8 Nf3+ 50. Kf1 Ra1+ 51. Ke2 Re1# 0-1

[Event "V Festival Scacchi Verdi"]
[Site "Bresso ITA"]
[Date "2006.06.18"]
[Round "5"]
[White "Gandolfi, Gianfranco"]
[Black "Carbone, Lorenzo"]
[Result "1-0"]
[WhiteElo "1875"]
[BlackElo "1814"]
[PlyCount "145"]
[EventDate "2006.06.15"]

1. e4 c5 2. Nf3 d6 3. d4 cxd4 4. Nxd4 Nf6 5. Nc3 a6 6. Bg5 e6 7. f4 Be7 8. Qf3
Nbd7 9. Bc4 Nb6 10. Bb3 Qc7 11. O-O h6 12. Bxf6 Bxf6 13. Nde2 Nc4 14. Bxc4 Qxc4
15. Kh1 O-O 16. Rad1 Be7 17. Ng3 Bd7 18. f5 Bc6 19. Qg4 Kh8 20. Nh5 Rg8 21. Qf4
f6 22. fxe6 Qxe6 23. Rd3 b5 24. Nd5 Rad8 25. Qh4 Bxd5 26. exd5 Qf7 27. Nf4 Rc8
28. c3 Rc4 29. Re3 Bf8 30. Qg3 g5 31. Ne6 Be7 32. Qh3 Rh4 33. Qf5 Qh5 34. h3 g4
35. Qxh5 Rxh5 36. Nf4 gxh3 37. gxh3 Re5 38. Rxe5 fxe5 39. Ne6 Bd8 40. Kh2 Bh4
41. Rf7 e4 42. Nd4 Bg3+ 43. Kg2 b4 44. Kf1 bxc3 45. bxc3 Be5 46. Kf2 Rg3 47.
Ne2 Rxh3 48. Ra7 Bxc3 49. Nxc3 Rxc3 50. Rxa6 Rf3+ 51. Ke2 Rf6 52. Ke3 h5 53.
Kxe4 h4 54. Ra3 Rf2 55. Rh3 Rxa2 56. Rxh4+ Kg7 57. Kf5 Rf2+ 58. Ke6 Rf6+ 59.
Kd7 Kg6 60. Re4 Rf1 61. Kxd6 Kf6 62. Kd7 Rd1 63. d6 Kf7 64. Kc7 Rc1+ 65. Kd8
Rd1 66. d7 Ra1 67. Rf4+ Kg7 68. Rc4 Kf7 69. Kc7 Ra7+ 70. Kd6 Ra6+ 71. Rc6 Ra8
72. Rc8 Ra6+ 73. Kc5 1-0

[Event "V Festival Scacchi Verdi"]
[Site "Bresso ITA"]
[Date "2006.06.18"]
[Round "5"]
[White "Garlera, Marco"]
[Black "Zucchi, Oreste"]
[Result "0-1"]
[WhiteElo "1499"]
[BlackElo "1550"]
[PlyCount "140"]
[EventDate "2006.06.15"]

1. d4 d5 2. c4 e6 3. Nc3 c5 4. Nf3 cxd4 5. Nxd4 e5 6. Nf3 d4 7. Ne4 Nc6 8. a3
a5 9. e3 Bf5 10. Ng3 Bg6 11. Be2 d3 12. Bf1 e4 13. Nd2 f5 14. f4 a4 15. b3 Bc5
16. Nb1 axb3 17. Bb2 Nf6 18. Qxb3 Qb6 19. Qxb6 Bxb6 20. Bxf6 gxf6 21. Kf2 Na5
22. Nd2 O-O 23. h4 h6 24. h5 Bh7 25. Rg1 Kh8 26. Nh1 Rg8 27. g3 Rac8 28. Rc1
Bc5 29. Bh3 Bxa3 30. Ra1 Bb4 31. Rgd1 Nxc4 32. Nb3 Nb2 33. Rdb1 Rc2+ 34. Kg1
Rgc8 35. Nf2 d2 36. g4 Bg8 37. Nxd2 Bxd2 38. gxf5 Rc1+ 39. Rxc1 Rxc1+ 40. Rxc1
Bxc1 41. Nxe4 Kg7 42. Kf2 Nc4 43. Ke2 Nxe3 44. Nd6 b6 45. Kd3 Nd5 46. Ke4 Nxf4
47. Bg4 Bd5+ 48. Kd4 Bb2+ 49. Ke3 Be5 50. Ne4 Kf7 51. Bf3 Ke7 52. Bd1 b5 53.
Nd2 Kd6 54. Ne4+ Kc6 55. Nxf6 Ng2+ 56. Kf2 Bxf6 57. Kg3 Ne3 58. Be2 Nxf5+ 59.
Kf4 Nd4 60. Bxb5+ Kxb5 61. Kg4 Bf3+ 62. Kf4 Bxh5 63. Kg3 Bg5 64. Kh3 Kc4 65.
Kg3 Kd3 66. Kh3 Ke3 67. Kg3 Bf6 68. Kh3 Kf2 69. Kh2 Bg4 70. Kh1 Bg5 0-1

[Event "V Festival Scacchi Verdi"]
[Site "Bresso ITA"]
[Date "2006.06.18"]
[Round "5"]
[White "Giancola, Andrea"]
[Black "Kokosar, Oliviero"]
[Result "0-1"]
[WhiteElo "1592"]
[BlackElo "1478"]
[PlyCount "96"]
[EventDate "2006.06.15"]

1. e4 e5 2. Bc4 Bc5 3. b4 Bxb4 4. c3 Ba5 5. Nf3 Nc6 6. Qb3 Qe7 7. O-O Nf6 8. d4
O-O 9. Bg5 h6 10. Bh4 d6 11. d5 Nb8 12. Bd3 a6 13. c4 Bb6 14. Nc3 Bg4 15. Nd2
Bc8 16. Kh1 Nbd7 17. Na4 Bd4 18. Rab1 Rb8 19. f3 g5 20. Bf2 Bxf2 21. Rxf2 Nh5
22. Rc1 Kh8 23. Qb1 Qe8 24. c5 Nf4 25. cxd6 Nxd3 26. Qxd3 cxd6 27. Nc4 Qe7 28.
Ncb6 Nxb6 29. Nxb6 Qd8 30. Qb3 Bd7 31. Rfc2 Bb5 32. Rc7 Rg8 33. a4 Be8 34. a5
Qf6 35. Nd7 Bxd7 36. Rxd7 Rgc8 37. Rxc8+ Rxc8 38. g3 g4 39. Rxb7 gxf3 40. Qb1
Rc5 41. Kg1 Rxa5 42. Kf2 Ra4 43. Rb3 Rd4 44. Rxf3 Qg6 45. Re3 Qh5 46. Kg2 Rd2+
47. Kf1 Qxh2 48. Qb8+ Kg7 0-1

[Event "V Festival Scacchi Verdi"]
[Site "Bresso ITA"]
[Date "2006.06.18"]
[Round "5"]
[White "Marinone, Lucio"]
[Black "Azzinaro, Luca"]
[Result "1-0"]
[WhiteElo "1940"]
[BlackElo "1398"]
[PlyCount "89"]
[EventDate "2006.06.15"]

1. d4 d5 2. Nf3 Nf6 3. c4 e6 4. Nc3 c6 5. Bg5 Nbd7 6. Rc1 Bd6 7. e3 O-O 8. Bd3
b6 9. O-O a5 10. e4 dxe4 11. Nxe4 Be7 12. Qe2 Bb7 13. Rfd1 Nxe4 14. Qxe4 g6 15.
Bxe7 Qxe7 16. Ne5 Nxe5 17. dxe5 c5 18. Qf4 Rad8 19. Be2 Rde8 20. Rd6 Qc7 21.
Rcd1 Rd8 22. R1d3 Rxd6 23. exd6 Qd7 24. Qf6 Re8 25. Bf3 Bxf3 26. Qxf3 e5 27.
Qd5 Rd8 28. Qxe5 Re8 29. Qc3 Re6 30. Qd2 Re4 31. b3 Kf8 32. h3 h5 33. Qg5 Re6
34. Qh6+ Kg8 35. Qf4 Kg7 36. g4 hxg4 37. hxg4 Rf6 38. Qg3 g5 39. Rd5 Rg6 40.
Qe5+ Kf8 41. Qh8+ Rg8 42. Qh6+ Rg7 43. Rxg5 f6 44. Qh8+ Kf7 45. Rxg7+ 1-0

[Event "V Festival Scacchi Verdi"]
[Site "Bresso ITA"]
[Date "2006.06.18"]
[Round "5"]
[White "Rossi, Giampiero"]
[Black "Cimo', Alessandro"]
[Result "1-0"]
[WhiteElo "2002"]
[BlackElo "1506"]
[PlyCount "65"]
[EventDate "2006.06.15"]

1. d4 Nf6 2. c4 c5 3. dxc5 Na6 4. Nc3 Nxc5 5. f3 g6 6. e4 d6 7. Nge2 Bg7 8. Be3
Qc7 9. Qd2 b6 10. Rc1 Ba6 11. Nd4 Ncd7 12. Be2 Ne5 13. b3 Rc8 14. O-O O-O 15.
Rfd1 Rfd8 16. h3 Nc6 17. Nd5 Qb7 18. Nxc6 Rxc6 19. Nb4 Rcc8 20. Nxa6 Qxa6 21.
c5 Qb7 22. cxd6 Rxd6 23. Rxc8+ Qxc8 24. Rc1 Qb7 25. Qc2 Rd8 26. Qc7 Rb8 27.
Qxb7 Rxb7 28. Rc8+ Bf8 29. Ba6 Rd7 30. Bh6 Rd1+ 31. Kh2 Nd7 32. Bb5 Rc1 33.
Bxc1 1-0

[Event "V Festival Scacchi Verdi"]
[Site "Bresso ITA"]
[Date "2006.06.18"]
[Round "5"]
[White "Scotti, Mirko"]
[Black "Mastroddi, Emiliano"]
[Result "1/2-1/2"]
[WhiteElo "1876"]
[BlackElo "2075"]
[PlyCount "52"]
[EventDate "2006.06.15"]

1. d4 Nf6 2. Bg5 Ne4 3. Bh4 c5 4. f3 Qa5+ 5. c3 Nf6 6. Nd2 cxd4 7. Nb3 Qb6 8.
Qxd4 Qxd4 9. Nxd4 Nc6 10. Nxc6 bxc6 11. e4 d6 12. Bc4 h6 13. Ne2 Rb8 14. O-O-O
g5 15. Bf2 a5 16. Nd4 Bd7 17. Rhe1 d5 18. Bd3 e6 19. Nb3 a4 20. Nc5 a3 21. b4
Bg7 22. Bd4 Nh5 23. Bxg7 Nxg7 24. Bc2 Kd8 25. g4 Ne8 26. e5 Nc7 1/2-1/2

[Event "V Festival Scacchi Verdi"]
[Site "Bresso ITA"]
[Date "2006.06.18"]
[Round "5"]
[White "Tosetto, Flavio"]
[Black "Chiarello, Simone"]
[Result "1-0"]
[WhiteElo "1748"]
[BlackElo "1452"]
[PlyCount "61"]
[EventDate "2006.06.15"]

1. e4 c5 2. Nf3 d6 3. d4 cxd4 4. Nxd4 Nf6 5. Nc3 a6 6. Be2 e5 7. Nb3 b5 8. a3
Bb7 9. Bf3 Nbd7 10. Be3 Be7 11. O-O O-O 12. Qd2 Nb6 13. Na5 Nc4 14. Nxc4 bxc4
15. Rad1 Qc7 16. Nd5 Nxd5 17. exd5 f5 18. Qb4 a5 19. Qc3 Bf6 20. Be2 Rfc8 21.
Bc1 f4 22. Qh3 Qf7 23. Bg4 Re8 24. Be6 Rxe6 25. Qxe6 Qxe6 26. dxe6 d5 27. c3
Re8 28. f3 Rxe6 29. Rfe1 h5 30. Bxf4 g5 31. Be3 1-0